Mc Graw hill encyclopedia of science and technology V.12 (Record no. 161645)

MARC details
000 -LEADER
fixed length control field 00370nam a2200145Ia 4500
003 - CONTROL NUMBER IDENTIFIER
control field OSt
020 ## - INTERNATIONAL STANDARD BOOK NUMBER
International Standard Book Number 070797986
082 ## - DEWEY DECIMAL CLASSIFICATION NUMBER
Classification number 503
Item number MCG/MC
245 ## - TITLE STATEMENT
Title Mc Graw hill encyclopedia of science and technology V.12
Remainder of title SAB-SPIN
260 ## - PUBLICATION, DISTRIBUTION, ETC. (IMPRINT)
Place of publication, distribution, etc NewYork
Name of publisher, distributor, etc Mc Graw Hill Book company
Date of publication, distribution, etc 1971
300 ## - PHYSICAL DESCRIPTION
Extent 715p.
546 ## - LANGUAGE
Language note English
650 ## - SUBJECT ADDED ENTRY--TOPICAL TERM
Topical term or geographic name as entry element General science
942 ## - ADDED ENTRY ELEMENTS (KOHA)
Source of classification or shelving scheme Dewey Decimal Classification
Koha item type Reference Book
Holdings
Lost status Source of classification or shelving scheme Damaged status Not for loan Collection code Home library Current library Shelving location Date acquired Total Checkouts Full call number Barcode Date last seen Koha item type Public note
  Dewey Decimal Classification   Not For Loan Reference Book KAU Central Library, Thrissur KAU Central Library, Thrissur Reference 07/09/2018   503 MCG/MC 906226 07/09/2018 Reference Book Book transferred from CoH Library, Acc.No: 878
Kerala Agricultural University Central Library
Thrissur-(Dt.), Kerala Pin:- 680656, India
Ph : (+91)(487) 2372219
E-mail: librarian@kau.in
Website: http://library.kau.in/